Normal view
MARC view
- السيوطي،جلال الدين ، سارتين،اليزابيث ماري/تحقيق ، الغباري،عوض/تقديم
Entry Personal Name
001 - CONTROL NUMBER
- control field: 20986
003 - CONTROL NUMBER IDENTIFIER
- control field: JO-AjAnu
005 - DATE AND TIME OF LATEST TRANSACTION
- control field: 20230606073637.0
008 - FIXED-LENGTH DATA ELEMENTS
- fixed length control field: 230606|| aca||aabn | a|a d
040 ## - CATALOGING SOURCE
- Original cataloging agency: JO-AjAnu
- Transcribing agency: JO-AjAnu
100 ## - HEADING--PERSONAL NAME
- Personal name: السيوطي،جلال الدين ، سارتين،اليزابيث ماري/تحقيق ، الغباري،عوض/تقديم
670 ## - SOURCE DATA FOUND
- Source citation: Work cat.: (JO-AjAnu)10783: السيوطي،جلال الدين ، سارتين،اليزابيث ماري/تحقيق ، الغباري،عوض/تقديم, author, كتاب التحدث بنعمة الله